000
00282nam a2200121Ia 4500
008
190216s9999||||xx |||||||||||||| ||und||
100
_a
Gupta C B
245
0
_a
Introduction To Statistical Methods
260
_b
Orient Longman
300
_a
712p
650
_a
Statistics
942
_c
BK
999
_c
3912
_d
3912